Ricostruisci la Carriera del Calciatore - Alexander Manninger - Statistics

Statistiche generali
  • Questo quiz è stato fatto 6 volte
  • Il punteggio medio è 2 su 15
Statistiche sulle risposte
Hint Risposta % Corretto
1995-1996 Vorwärts Steyr
75%
2008-2012 Juventus
50%
1996-1997 Grazer AK
25%
1996 Salisburgo
25%
1997-2001 Arsenal
0%
2012-2016 Augusta
0%
2003-2004 Bologna
0%
2004 Brescia
0%
2002-2003 Espanyol
0%
2001-2002 Fiorentina
0%
2016-2017 Liverpool
0%
2005-2006 Salisburgo
0%
2004-2005 Siena
0%
2006-2008 Siena
0%
2003 Torino
0%
Nessun quiz corrispondente trovato
Distribuzione punteggi
Percentuale di utenti per punteggio
Percentile per numero di risposta
I tuoi punteggi nel tempo
Non hai fatto questo quiz